[Event "Tourn. n9666"]
[Site "www.chess-mail.com"]
[Date "2018.01.25"]
[Round "1"]
[White "Cal"]
[Black "Hansen"]
[WhiteElo "1650"]
[BlackElo "1520"]
[Result "0-1"]
[Round "1"]
1.Ng1f3 f6
2.d4 d5
3.h3 Nb8c6
4.a3 g5
5.e3 g4
6.Nb1c3 gxf3
7.Qd1xf3 e5
8.dxe5 Nc6xe5
9.Qf3h5 Ne5f7
10.Bf1d3 Ng8h6
11.O-O d4
12.Nc3d5 c6
13.Nd5f4 Rh8g8
14.Rf1e1 Rg8g5
15.exd4 Kd7
16.Qh5f3 Bf8d6
17.Nf4e6 Qd8g8
18.Bc1xg5 fxg5
19.c4 g4
20.Qf3e3 gxh3
21.c5 Qg8xg2
{ resign }
0-1

[Event "Tourn. n9624"]
[Site "www.chess-mail.com"]
[Date "2018.01.25"]
[Round "1"]
[White "Tartan"]
[Black "Apdash"]
[WhiteElo "2570"]
[BlackElo "2260"]
[Result "1-0"]
[Round "1"]
1.e4 c5
2.Ng1f3 d6
3.d4 cxd4
4.Nf3xd4 Ng8f6
5.Nb1c3 e6
6.Bf1e2 Bf8e7
7.O-O Nb8c6
8.Bc1e3 O-O
9.f4 e5
10.Nd4b3 exf4
11.Be3xf4 a6
12.Kh1 Bc8e6
13.Qd1e1 Nc6e5
14.Ra1d1 Qd8c7
15.Nb3d4 Ne5g6
16.Nd4xe6 fxe6
17.Bf4e3 Ng6e5
18.Qe1g3 Ne5c4
19.Be3h6 Rf8f7
20.Bh6c1 b5
21.Qg3h3 Qc7d7
22.Be2xc4 bxc4
23.e5 Nf6e8
24.Rf1xf7 Kxf7
25.Qh3f3 Be7f6
26.exf6 Ne8xf6
27.Qf3xa8 d5
28.Qa8xa6 Nf6g4
29.Nc3e4 h6
30.Qa6xc4 Qd7e7
31.Ne4d6 Qe7xd6
32.Qc4xg4 Qd6a6
33.Rd1d3 { resign }
1-0

[Event "Tourn. n9670"]
[Site "www.chess-mail.com"]
[Date "2018.01.25"]
[Round "1"]
[White "Tartan"]
[Black "Apdash"]
[WhiteElo "2530"]
[BlackElo "2310"]
[Result "1-0"]
[Round "1"]
1.d4 d5
2.c4 e6
3.Nb1c3 c6
4.Ng1f3 Ng8f6
5.e3 Bf8e7
6.Qd1c2 dxc4
7.Bf1xc4 O-O
8.O-O Nb8d7
9.e4 b5
10.Bc4d3 g6
11.Bc1h6 Rf8e8
12.e5 Nf6g4
13.Bh6f4 b4
14.Nc3e2 Be7f8
15.h3 Ng4h6
16.Qc2xc6 Nd7b6
17.Bf4g5 Qd8d7
18.Bd3e4 Ra8b8
19.Qc6c1 Nh6f5
20.Be4c6 { resign }
1-0

[Event "Tourn. n9652"]
[Site "www.chess-mail.com"]
[Date "2018.01.25"]
[Round "1"]
[White "Apdash"]
[Black "Mitja"]
[WhiteElo "2230"]
[BlackElo "2030"]
[Result "1-0"]
[Round "1"]
1.d4 d5
2.Ng1f3 e6
3.c4 dxc4
4.Nb1c3 c6
5.a4 h6
6.e4 Ng8f6
7.Bf1xc4 b6
8.Qd1e2 Bc8b7
9.Bc1f4 Bf8e7
10.Ra1d1 Nf6h5
11.Bf4e3 Nh5f6
12.O-O O-O
13.Rd1d2 Qd8c7
14.e5 Nf6d5
15.Rd2c2 Nd5xe3
16.fxe3 c5
17.d5 exd5
18.Nc3xd5 Bb7xd5
19.Bc4xd5 Nb8c6
20.Qe2b5 Ra8c8
21.Nf3d4 Nc6xd4
22.exd4 Qc7d8
23.Qb5b3 Kh8
24.dxc5 Rc8xc5
25.Rc2xc5 Be7xc5
26.Kh1 Qd8e7
27.Rf1e1 Qe7h4
28.Re1e4 Qh4g5
29.Re4e1 Rf8e8
30.Qb3c3 Qg5f4
31.Qc3f3 Qf4xa4
32.Qf3xf7 Re8f8
33.Qf7g6 Qa4b4
34.Re1b1 Qb4f4
35.g3 Qf4f5
36.Bd5e4 Qf5xg6
37.Be4xg6 Kg8
38.e6 Rf8f6
39.Bg6f7 Kf8
40.b4 Bc5d6
41.b5 Rf6f5
42.Kg2 g5
43.g4 Rf5f4
44.h3 Rf4b4
45.Rb1d1 Rb4b2
46.Kf3 Ke7
47.Rd1a1 Bd6b8
48.Ra1d1 Rb2b3
49.Ke4 Rb3xb5
50.Rd1d7 Kf6
51.Rd7b7 Bb8d6
52.Rb7xa7 Rb5a5
53.Ra7d7 Bd6e7
54.Rd7d3 Ra5c5
55.Rd3f3 Kg7
56.Bf7e8 Rc5c4
57.Kd5 Rc4f4
58.Rf3d3 Be7c5
59.Ke5 Kf8
60.Be8h5 Bc5e7
61.h4 b5
62.hxg5 hxg5
63.Rd3d1 b4
64.Rd1c1 Kg7
65.Rc1c7 Kf8
66.Rc7c8 Kg7
67.Rc8e8 Be7f6
68.Kd5 Rf4d4
69.Kc6 Rd4e4
70.Kd5 Re4e3
71.Bh5f7 b3
72.Re8g8 Kh7
73.Rg8b8 b2
74.Kc6 Re3e1
75.Bf7g8 Kg7
76.e7 Re1xe7
77.Bg8a2 Re7e4
78.Rb8b7 Kh6
79.Ba2b1 Re4xg4
80.Rb7h7 { resign }
1-0

[Event "Match"]
[Site "www.echecsemail.com"]
[Date "2018.01.25"]
[Round "1"]
[White "Gidi5"]
[Black "Karlgrocer"]
[WhiteElo "2260"]
[BlackElo "2050"]
[Result "1-0"]
[Round "1"]
1.e4 c5
2.Ng1f3 d6
3.d4 cxd4
4.Nf3xd4 e6
5.Nb1c3 Bf8e7
6.Bf1b5 Bc8d7
7.O-O Ng8f6
8.Bc1e3 O-O
9.Bb5xd7 Nb8xd7
10.Nd4b5 Nd7e5
11.Be3xa7 Ne5c6
12.Ba7e3 Qd8d7
13.Qd1e2 Rf8d8
14.Ra1d1 Ra8a6
15.Be3c5 Nf6e8
16.Bc5a3 Nc6e5
17.f4 Ne5g6
18.Nb5d4 Qd7c8
19.Rd1d3 Qc8c7
20.f5 Ng6e5
21.fxe6 f6
22.Nc3d5 { resign }
1-0

[Event "Match"]
[Site "www.echecsemail.com"]
[Date "2018.01.25"]
[Round "1"]
[White "Iko"]
[Black "Muderfuger"]
[WhiteElo "1650"]
[BlackElo "1499"]
[Result "1-0"]
[Round "1"]
1.e4 e5
2.Ng1f3 Nb8c6
3.Bf1b5 d5
4.Nf3xe5 a6
5.Ne5xc6 bxc6
6.Bb5xc6 Bc8d7
7.Bc6xa8 Qd8xa8
8.exd5 Qa8xd5
9.Qd1e2 Bd7e6
10.O-O Bf8c5
11.Qe2xa6 h5
12.Rf1e1 Qd5f5
13.Qa6c8 Ke7
14.Qc8xc7 Ke8
15.Qc7c6 Kd8
16.Qc6f3 Ng8h6
17.d4 Bc5b4
18.c3 Bb4a5
19.Qf3a8 Be6c8
20.Re1e5 Rh8e8
21.Qa8xa5 Kd7
22.Qa5b5 Kd8
23.Qb5xe8 Kc7
24.Re5xf5 Bc8xf5
25.Bc1xh6 gxh6
26.Qe8xf7 { resign }
1-0

[Event "Match"]
[Site "www.echecsemail.com"]
[Date "2018.01.25"]
[Round "1"]
[White "Apdash"]
[Black "Gidi5"]
[WhiteElo "2210"]
[BlackElo "2240"]
[Result "0-1"]
[Round "1"]
1.e4 e6
2.d4 d5
3.exd5 exd5
4.Ng1f3 Ng8f6
5.Bf1e2 Bf8d6
6.Bc1g5 O-O
7.O-O Bc8e6
8.Qd1d2 Nb8d7
9.Rf1e1 c6
10.Be2d3 Qd8c7
11.h3 h6
12.Bg5h4 Bd6f4
13.Qd2b4 g5
14.Bh4g3 Bf4xg3
15.fxg3 Qc7xg3
16.Re1e3 Be6xh3
17.Qb4d2 Nf6g4
18.Re3e2 Bh3xg2
19.Re2xg2 Qg3xf3
20.Nb1c3 Ng4e3
21.Rg2h2 Qf3g3
22.Kh1 Nd7f6
23.Bd3e2 Nf6g4
24.Be2xg4 Ne3xg4
25.Rh2g2 Qg3h3
26.Kg1 Ra8e8
27.Nc3d1 Ng4e3
28.Nd1xe3 Qh3xe3
29.Qd2xe3 Re8xe3
30.Ra1f1 f5
31.Rf1f2 f4
32.Kf1 Rf8e8
33.Rf2xf4 Re3e1
34.Kf2 Re8e2
35.Kf3 Re2xg2
{ resign }
0-1

[Event "Match"]
[Site "www.echecsemail.com"]
[Date "2018.01.25"]
[Round "1"]
[White "Geodad5"]
[Black "Gidi5"]
[WhiteElo "2110"]
[BlackElo "2340"]
[Result "1-0"]
[Round "1"]
1.e4 e5
2.Ng1f3 Nb8c6
3.d4 exd4
4.Nf3xd4 Bf8c5
5.Nd4b3 Bc5b6
6.Nb1c3 Qd8f6
7.f3 Ng8e7
8.Bf1d3 d6
9.Qd1e2 O-O
10.Bc1d2 Nc6b4
11.O-O-O a5
12.a3 Nb4xd3
13.Qe2xd3 a4
14.Nb3a1 Bc8e6
15.f4 Ne7g6
16.Rd1f1 Rf8d8
17.h3 Qf6e7
18.g4 c6
19.Qd3e2 Be6c8
20.g5 Ng6f8
21.f5 g6
22.f6 Qe7c7
23.h4 Qc7d7
24.h5 Qd7g4
25.Qe2h2 Qg4xh5
26.Qh2xh5 gxh5
27.Rh1xh5 Bc8g4
28.Rh5h4 Bg4e6
29.Nc3e2 Be6c4
30.Rh4h2 Rd8e8
31.Rf1f4 d5
32.e5 Re8xe5
33.Ne2g3 Bb6c7
34.Rf4f3 Ra8e8
35.Rh2h1 Nf8g6
36.c3 Bc4e2
37.Ng3xe2 Re5xe2
38.Na1c2 Re2h2
39.Rh1xh2 Bc7xh2
40.Nc2d4 Re8e4
41.Nd4f5 Kf8
42.Rf3h3 { resign }
1-0

[Event "Match"]
[Site "www.echecsemail.com"]
[Date "2018.01.25"]
[Round "1"]
[White "Gidi5"]
[Black "Guidom"]
[WhiteElo "2270"]
[BlackElo "2120"]
[Result "1-0"]
[Round "1"]
1.e4 e5
2.Ng1f3 Nb8c6
3.Bf1c4 d6
4.h3 Bf8e7
5.O-O Ng8f6
6.Nb1c3 O-O
7.d3 h6
8.a3 Nc6a5
9.Bc4a2 c5
10.Bc1e3 Bc8e6
11.Ba2xe6 fxe6
12.Nf3h2 Na5c6
13.Nh2g4 Nc6d4
14.Be3xd4 exd4
15.Ng4xf6 Be7xf6
16.Nc3e2 Qd8d7
17.Ne2g3 Bf6e5
18.Qd1g4 Rf8f4
19.Qg4d1 Ra8f8
20.Ng3h5 Rf4f7
21.Qd1g4 Qd7e7
22.f4 Be5f6
23.Ra1e1 e5
24.f5 Bf6g5
25.g3 Bg5e3
26.Kg2 Qe7g5
27.Qg4xg5 Be3xg5
28.h4 Bg5d2
29.Re1e2 Bd2a5
30.g4 Ba5d8
31.Kh3 b5
32.Rf1g1 a5
33.g5 hxg5
34.hxg5 g6
35.fxg6 Rf7f3
36.Kg4 Rf3e3
37.Re2h2 c4
38.Nh5g3 Rf8f4
39.Kh5 Rf4f3
40.Ng3f5 Rf3h3
41.Rh2xh3 Re3xh3
42.Kg4 Rh3h2
43.g7 Bd8c7
44.Rg1g3 cxd3
45.cxd3 b4
46.Rg3h3 Rh2xh3
47.Kxh3 bxa3
48.bxa3 a4
49.Kg4 Bc7a5
50.Kh5 d5
51.Kg6 { resign }
1-0

[Event "Tourn. n9689"]
[Site "www.chess-mail.com"]
[Date "2018.01.26"]
[Round "1"]
[White "Fantomas"]
[Black "Sorim"]
[WhiteElo "2220"]
[BlackElo "2030"]
[Result "1-0"]
[Round "1"]
1.e4 e5
2.Ng1f3 Ng8f6
3.d3 Nb8c6
4.Nb1c3 Bf8b4
5.Bc1d2 O-O
6.Bf1e2 d6
7.a3 Bb4a5
8.h3 Bc8e6
9.Bd2e3 Nf6d7
10.Be3d2 f5
11.Nf3g5 Nc6d4
12.Ng5xe6 Nd4xe6
13.b4 Ba5b6
14.Nc3d5 Qd8h4
15.O-O fxe4
16.dxe4 Bb6xf2
17.Kh1 c6
18.Be2g4 Ne6g5
19.Nd5e7 Kf7
20.Ne7f5 { resign }
1-0

[Event "Tourn. n9602"]
[Site "www.chess-mail.com"]
[Date "2018.01.26"]
[Round "1"]
[White "Hundegana"]
[Black "Prize64"]
[WhiteElo "2060"]
[BlackElo "2020"]
[Result "0-1"]
[Round "1"]
1.d4 Ng8f6
2.c4 g6
3.d5 Bf8g7
4.Nb1c3 d6
5.h3 O-O
6.e4 e6
7.Bf1d3 exd5
8.cxd5 Rf8e8
9.Ng1f3 Nf6xe4
10.Nc3xe4 f5
11.Nf3g5 fxe4
12.Bd3xe4 Bg7f6
13.Ng5e6 Bc8xe6
14.dxe6 c6
15.O-O Re8xe6
16.Qd1b3 Qd8e7
17.Be4f3 Kg7
18.Bc1e3 Nb8a6
19.Rf1e1 Ra8e8
20.Kf1 Na6c5
21.Qb3c2 Kg8
22.Bf3g4 Re6e4
23.Ra1d1 Nc5a6
24.a3 d5
25.Bg4f3 Re4c4
26.Qc2b3 b5
27.Rd1c1 Na6c5
28.Qb3d1 Rc4xc1
29.Qd1xc1 Nc5d3
30.Qc1xc6 Nd3xe1
31.Kxe1 d4
32.Qc6xb5 dxe3
33.fxe3 Qe7xe3
34.Kd1 Re8d8
35.Kc2 Rd8d2
36.Kb1 Rd2xb2
37.Qb5xb2 Bf6xb2
38.Kxb2 Kf7
39.Bf3d5 Ke7
40.Bd5f3 Kd6
41.Ka2 Kc5
42.Kb2 Kd4
43.a4 Qe3c3
44.Ka2 Ke3
45.a5 Kd2
46.a6 Kc1
47.h4 Qc3b2
{ resign }
0-1

[Event "Tourn. n9679"]
[Site "www.chess-mail.com"]
[Date "2018.01.26"]
[Round "1"]
[White "Bigrezi"]
[Black "Apdash"]
[WhiteElo "2250"]
[BlackElo "2260"]
[Result "1-0"]
[Round "1"]
1.e4 e5
2.Ng1f3 Nb8c6
3.Bf1b5 Ng8e7
4.O-O g6
5.d4 exd4
6.Nf3xd4 Bf8g7
7.Bc1e3 O-O
8.Nb1c3 a6
9.Bb5e2 b5
10.Qd1d2 Bc8b7
11.Nd4xc6 Ne7xc6
12.a4 b4
13.Nc3d5 a5
14.c3 bxc3
15.bxc3 Bb7a6
16.Be2xa6 Ra8xa6
17.Ra1b1 Nc6e5
18.Qd2e2 Ra6c6
19.Be3a7 Kh8
20.Rb1b8 Qd8h4
21.Rb8xf8 Bg7xf8
22.f3 Bf8d6
23.Ba7d4 f6
24.f4 Ne5g4
25.h3 Bd6c5
26.hxg4 Bc5xd4
27.cxd4 Kg7
28.g5 fxg5
29.fxg5 Qh4xg5
30.Qe2f3 Qg5d8
31.Qf3f7 Kh8
32.Nd5f6 Rc6xf6
33.Rf1xf6 { resign }
1-0

[Event "Tourn. n9678"]
[Site "www.chess-mail.com"]
[Date "2018.01.26"]
[Round "1"]
[White "Dussek"]
[Black "Caspito"]
[WhiteElo "1820"]
[BlackElo "1900"]
[Result "0-1"]
[Round "1"]
1.e4 e5
2.Ng1f3 Nb8c6
3.Bf1b5 a6
4.Bb5a4 b5
5.Ba4b3 Bc8b7
6.c3 Bf8c5
7.O-O Ng8h6
8.h3 a5
9.d3 Qd8f6
10.Bc1g5 Qf6g6
11.Qd1d2 f6
12.Bg5xh6 gxh6
13.Nf3h4 Qg6g5
14.Qd2xg5 hxg5
15.Nh4f5 O-O-O
16.Nb1d2 h5
17.a3 g4
18.h4 Rh8g8
19.Bb3xg8 Rd8xg8
20.Nd2b3 Bc5b6
21.Ra1d1 a4
22.Nb3d2 g3
23.Nd2f3 gxf2
24.Kh1 d6
25.d4 Rg8g4
26.d5 Nc6a5
27.Nf3d2 Kd8
28.b4 Bb7c8
29.bxa5 Bb6xa5
30.Rf1xf2 Ba5xc3
31.Rf2e2 Rg4f4
32.Nd2f3 Bc8xf5
33.exf5 Rf4xf5
34.Rd1b1 Rf5f4
35.Rb1c1 b4
36.Re2a2 e4
37.g3 Rf4xf3
38.Kh2 Bc3e5
39.Rc1g1 b3
40.Ra2g2 b2
41.Kh3 Rf3xa3
42.Rg1b1 Ra3b3
43.Kh2 a3
{ resign }
0-1

[Event "Tourn. n9648"]
[Site "www.chess-mail.com"]
[Date "2018.01.26"]
[Round "1"]
[White "Jesmantiz"]
[Black "Tartan"]
[WhiteElo "2210"]
[BlackElo "2540"]
[Result "1-0"]
[Round "1"]
1.d4 Ng8f6
2.e3 d5
3.Bf1d3 e6
4.Nb1d2 c5
5.c3 Nb8c6
6.f4 Qd8c7
7.Ng1f3 Bf8d6
8.O-O b6
9.Nf3e5 Bc8b7
10.a3 O-O
11.Rf1f3 c4
12.Bd3c2 Ra8d8
13.Rf3h3 h6
14.g4 Nf6h7
15.Nd2f3 Nh7f6
16.g5 Nf6e4
17.gxh6 g6
18.Ne5xc4 { resign }
1-0

[Event "Tourn. n9597"]
[Site "www.chess-mail.com"]
[Date "2018.01.26"]
[Round "1"]
[White "Jesmantiz"]
[Black "Tartan"]
[WhiteElo "2260"]
[BlackElo "2600"]
[Result "0-1"]
[Round "1"]
1.d4 Ng8f6
2.c4 e6
3.e3 d5
4.Nb1c3 c6
5.a3 Nb8d7
6.f4 Bf8d6
7.c5 Bd6e7
8.Bf1d3 b6
9.cxb6 axb6
10.Ng1f3 Bc8a6
11.O-O Ba6xd3
12.Qd1xd3 O-O
13.Nf3e5 Qd8c7
14.Bc1d2 c5
15.Ra1c1 Qc7b7
16.Rf1f3 Nd7xe5
17.fxe5 Nf6e4
18.Rf3h3 Ne4g5
19.Rh3g3 f6
20.h4 Ng5f7
21.exf6 Be7xf6
22.Rg3h3 Nf7d6
23.g4 Nd6c4
24.Rc1b1 Qb7f7
25.Bd2e1 Nc4xe3
26.Rh3xe3 Bf6xd4
27.Nc3b5 Bd4xe3
28.Qd3xe3 Qf7f1
29.Kh2 Rf8f3
30.Qe3xe6 Kh8
31.Be1g3 Qf1xb1
32.Nb5d6 Qb1xb2
33.Kh3 Rf3xg3
34.Kxg3 Ra8xa3
35.Kf4 Qb2d2
36.Kf5 Ra3f3
37.Ke5 Qd2d4
{ resign }
0-1

[Event "Match"]
[Site "www.echecsemail.com"]
[Date "2018.01.26"]
[Round "1"]
[White "Sahpat"]
[Black "Ericleo1980"]
[WhiteElo "1809"]
[BlackElo "2240"]
[Result "0-1"]
[Round "1"]
1.e4 c5
2.Ng1f3 d6
3.d4 cxd4
4.Nf3xd4 Ng8f6
5.Nb1c3 a6
6.Bc1g5 e6
7.f4 Nb8d7
 { time }
0-1

[Event "Match"]
[Site "www.echecsemail.com"]
[Date "2018.01.26"]
[Round "1"]
[White "Sahpat"]
[Black "Begory"]
[WhiteElo "1809"]
[BlackElo "1580"]
[Result "0-1"]
[Round "1"]
1.e4 e5
2.Ng1f3 Nb8c6
3.Bf1b5 f6
4.O-O Bf8c5
5.c3 a6
6.Bb5a4 Ng8e7
7.d4 exd4
 { time }
0-1

[Event "Match"]
[Site "www.echecsemail.com"]
[Date "2018.01.26"]
[Round "1"]
[White "Apdash"]
[Black "Jaguar91"]
[WhiteElo "2190"]
[BlackElo "2240"]
[Result "1-0"]
[Round "1"]
1.e4 e6
2.d4 d5
3.exd5 exd5
4.Ng1f3 Ng8f6
5.c4 Bf8d6
6.Nb1c3 O-O
7.c5 Rf8e8
8.Bf1e2 Bd6f8
9.O-O Nb8c6
10.Bc1f4 Bc8g4
11.Nc3b5 Ra8c8
12.h3 Bg4h5
13.Qd1d2 a6
14.Nb5c3 Re8xe2
15.Nc3xe2 Bh5xf3
16.gxf3 Nf6h5
17.Bf4g3 Qd8f6
18.Kg2 Nc6e7
19.Ne2f4 g6
20.Nf4xh5 gxh5
21.Qd2f4 Ne7f5
22.Ra1d1 Bf8h6
23.Qf4e5 Qf6g6
24.Kh2 Bh6g7
25.Qe5xd5 Rc8e8
26.Bg3e5 Kf8
{ time. }
1-0

[Event "Match"]
[Site "www.echecsemail.com"]
[Date "2018.01.26"]
[Round "1"]
[White "Conde7"]
[Black "Jacks"]
[WhiteElo "2860"]
[BlackElo "2790"]
[Result "1/2-1/2"]
[Round "1"]
1.e4 c5
2.Ng1f3 d6
3.d4 cxd4
4.Nf3xd4 Ng8f6
5.Nb1c3 a6
6.h3 e6
7.g4 h6
8.Bf1g2 Bf8e7
9.Bc1e3 Nb8c6
10.f4 Nf6d7
11.Nd4xc6 bxc6
12.Qd1d2 Ra8b8
13.b3 d5
14.O-O O-O
15.f5 a5
16.fxe6 fxe6
17.Nc3e2 Qd8c7
18.Rf1xf8 Nd7xf8
19.Be3f4 Qc7b6
20.Kh1 Rb8b7
21.Bf4e3 Be7c5
22.Be3xc5 Qb6xc5
23.Ne2f4 Rb7f7
24.Nf4d3 Qc5b6
25.g5 h5
26.Ra1c1 Qb6c7
27.Rc1g1 h4
28.Qd2d1 Qc7d6
29.Qd1e1 Bc8a6
30.Qe1xa5 Ba6xd3
31.cxd3 Nf8g6
32.d4 Ng6f4
33.Qa5e1 Nf4xg2
34.Rg1xg2 dxe4
35.Qe1xe4 Rf7f1
{ draw }
1/2-1/2

[Event "Match"]
[Site "www.echecsemail.com"]
[Date "2018.01.26"]
[Round "1"]
[White "Luke1302"]
[Black "Muderfuger"]
[WhiteElo "1240"]
[BlackElo "1499"]
[Result "0-1"]
[Round "1"]
1.e4 e5
2.Qd1e2 Nb8c6
3.g3 Nc6d4
4.Qe2d3 d6
5.Bf1g2 Qd8f6
6.c3 Nd4e6
7.b4 b5
8.Qd3xb5 c6
9.Nb1a3 cxb5
 { time }
0-1

[Event "Match"]
[Site "www.echecsemail.com"]
[Date "2018.01.26"]
[Round "1"]
[White "Sahpat"]
[Black "Guidom"]
[WhiteElo "1809"]
[BlackElo "2130"]
[Result "0-1"]
[Round "1"]
1.e4 e5
2.Ng1f3 Nb8c6
3.Bf1b5 a6
4.Bb5a4 Ng8f6
5.O-O d6
6.c3 Bc8d7
7.d4 b5
 { time }
0-1

[Event "Fast Game"]
[Site "www.echecsemail.com"]
[Date "2018.01.26"]
[Round "1"]
[White "Pellix84"]
[Black "Hennie4820"]
[WhiteElo "1630"]
[BlackElo "1650"]
[Result "0-1"]
[Round "1"]
1.d4 Ng8f6
2.c4 g6
3.Nb1c3 Bf8g7
4.g3 O-O
5.Bf1g2 d6
6.e4 Nb8d7
7.Ng1e2 c6
8.O-O Qd8c7
9.Ne2f4 e5
10.dxe5 dxe5
11.Nf4h3 Rf8d8
12.Qd1c2 Nd7c5
13.Bc1e3 Nc5e6
14.f4 Ne6d4
15.Qc2f2 Nf6g4
16.Qf2e1 Ng4xe3
17.Qe1xe3 Nd4c2
18.Qe3f3 Nc2xa1
19.Rf1xa1 Qc7b6
20.Nh3f2 Qb6xb2
21.Ra1d1 Bc8e6
22.Bg2f1 exf4
23.Rd1xd8 Ra8xd8
24.Nc3d1 Qb2xa2
25.gxf4 Be6xc4
26.Bf1xc4 Qa2xc4
27.f5 Rd8d2
28.f6 Bg7f8
29.h4 Qc4d4
30.Nd1e3 Bf8c5
31.Nf2g4 Rd2d1
32.Kg2 Qd4d2
33.Kg3 Bc5xe3
34.Ng4xe3 Rd1g1
35.Ne3g2 Qd2xg2
36.Qf3xg2 Rg1xg2
37.Kxg2 a5
38.e5 a4
{ resign }
0-1

[Event "Tourn. n9649"]
[Site "www.chess-mail.com"]
[Date "2018.01.27"]
[Round "1"]
[White "Falcoale"]
[Black "Picifarkinca"]
[WhiteElo "1880"]
[BlackElo "1650"]
[Result "1-0"]
[Round "1"]
1.e4 e6
2.f4 b6
3.Ng1f3 Bc8b7
4.Bf1d3 Bf8c5
5.a3 a5
6.Nb1c3 Ng8e7
7.e5 Ne7d5
8.Nc3a4 Nd5xf4
9.Na4xc5 bxc5
10.Bd3c4 O-O
11.O-O d5
12.Bc4a2 Nb8d7
13.d3 Nf4g6
14.Rf1e1 d4
15.c3 Bb7xf3
16.Qd1xf3 Nd7xe5
17.Qf3e2 dxc3
18.bxc3 Qd8xd3
19.Bc1b2 Qd3xe2
20.Re1xe2 Ra8b8
21.a4 c4
22.Bb2a3 Rf8d8
23.Ra1e1 Rd8d3
24.Ba3c5 Rb8d8
25.Re2xe5 Ng6xe5
26.Re1xe5 Rd3d1
27.Kf2 Rd1d2
28.Re5e2 Rd2d5
29.Bc5d4 c5
30.Bd4e3 Rd5f5
31.Kg3 Rd8d3
32.Ba2xc4 Rd3xc3
33.Bc4b5 Kf8
34.h3 Rf5g5
35.Kh2 Rg5d5
36.Be3f4 Rc3c1
37.Bf4xc1 { resign }
1-0

[Event "Tourn. n9630"]
[Site "www.chess-mail.com"]
[Date "2018.01.27"]
[Round "1"]
[White "Apdash"]
[Black "Tartan"]
[WhiteElo "2270"]
[BlackElo "2560"]
[Result "0-1"]
[Round "1"]
1.e4 c5
2.Ng1f3 e6
3.d4 cxd4
4.Nf3xd4 a6
5.c3 Qd8c7
6.Bf1d3 Ng8f6
7.Bc1e3 d5
8.f3 Bf8d6
9.Be3g1 O-O
10.Nb1d2 Nb8c6
11.g3 Nc6e5
12.Qd1e2 Ne5xd3
13.Qe2xd3 e5
14.Nd4b3 dxe4
15.Nd2xe4 Nf6xe4
16.Qd3xe4 a5
17.Bg1f2 a4
18.Nb3d2 a3
19.Qe4c2 axb2
20.Qc2xb2 Bc8f5
21.Bf2b6 Qc7c6
22.O-O Bf5d3
23.Rf1e1 Ra8a6
24.Bb6f2 Rf8a8
25.Re1e3 Ra6b6
26.Nd2b3 Bd3c4
27.Re3e1 Rb6a6
28.Re1e4 Bc4d5
29.Re4h4 Ra6a3
30.f4 Bd5xb3
31.fxe5 Bd6xe5
32.Bf2d4 Ra3xa2
33.Ra1xa2 Ra8xa2
{ resign }
0-1

[Event "Tourn. n9670"]
[Site "www.chess-mail.com"]
[Date "2018.01.27"]
[Round "1"]
[White "Apdash"]
[Black "Seger"]
[WhiteElo "2280"]
[BlackElo "2780"]
[Result "0-1"]
[Round "1"]
1.e4 c5
2.Ng1f3 Nb8c6
3.d4 cxd4
4.Nf3xd4 Ng8f6
5.Nb1c3 d6
6.Bf1e2 e5
7.Nd4b3 Bf8e7
8.Bc1e3 Bc8e6
9.O-O O-O
10.f4 exf4
11.Be3xf4 d5
12.exd5 Nf6xd5
13.Nc3xd5 Be6xd5
14.c4 Bd5e4
15.Qd1xd8 Ra8xd8
16.Bf4e3 Rf8e8
17.Be2f3 Be7f6
18.Bf3xe4 Re8xe4
19.Be3f2 Re4xc4
20.Ra1d1 Rd8xd1
21.Rf1xd1 Rc4c2
22.Rd1d7 b6
23.Rd7c7 Kf8
24.Bf2g3 Ke8
25.Kf1 Bf6d8
26.Rc7c8 Kd7
27.Rc8a8 Rc2xb2
{ resign }
0-1

[Event "Tourn. n9681"]
[Site "www.chess-mail.com"]
[Date "2018.01.27"]
[Round "1"]
[White "Nulladies"]
[Black "Libiesse"]
[WhiteElo "1900"]
[BlackElo "1870"]
[Result "0-1"]
[Round "1"]
1.d4 d5
2.Bc1f4 e6
3.e3 c5
4.c3 cxd4
5.exd4 Ng8f6
6.Ng1f3 Nb8c6
7.Bf1d3 Bf8d6
8.Nf3e5 O-O
9.Nb1d2 Qd8c7
10.Nd2f3 a6
11.Qd1c2 g6
12.Bf4h6 Rf8e8
 { time }
0-1

[Event "Tourn. n9681"]
[Site "www.chess-mail.com"]
[Date "2018.01.27"]
[Round "1"]
[White "Nulladies"]
[Black "Falcoale"]
[WhiteElo "1920"]
[BlackElo "1890"]
[Result "0-1"]
[Round "1"]
1.d4 Ng8f6
2.Bc1f4 e6
3.e3 b6
4.Ng1f3 Bc8b7
5.c3 d6
6.Bf1d3 Nb8d7
7.Nb1d2 Bf8e7
8.e4 O-O
9.e5 Nf6d5
10.Bf4g3 f5
11.exf6 Nd7xf6
12.Qd1e2 Bb7c8
13.O-O-O a5
14.Bg3h4 Nd5f4
15.Qe2f1 c5
16.dxc5 Nf4xd3
17.Qf1xd3 d5
 { time }
0-1

[Event "Match"]
[Site "www.echecsemail.com"]
[Date "2018.01.27"]
[Round "1"]
[White "Karlgrocer"]
[Black "Sahpat"]
[WhiteElo "2030"]
[BlackElo "1809"]
[Result "1-0"]
[Round "1"]
1.d4 Ng8f6
2.Ng1f3 g6
3.e3 Bf8g7
4.Bf1e2 O-O
5.O-O c6
6.Nb1d2 d5
7.c4 e6
8.a3  { time }
1-0

[Event "Match"]
[Site "www.echecsemail.com"]
[Date "2018.01.27"]
[Round "1"]
[White "Sahpat"]
[Black "Pinehill"]
[WhiteElo "1809"]
[BlackElo "2030"]
[Result "0-1"]
[Round "1"]
1.e4 d5
2.exd5 Ng8f6
3.d4 Qd8xd5
4.c4 Qd5a5
5.Nb1c3 Bc8f5
6.Bf1d3 e6
7.Bd3xf5 Qa5xf5
 { time }
0-1

[Event "Match"]
[Site "www.echecsemail.com"]
[Date "2018.01.27"]
[Round "1"]
[White "Paco"]
[Black "Pangloss"]
[WhiteElo "2010"]
[BlackElo "1809"]
[Result "1-0"]
[Round "1"]
1.e4 e5
2.Ng1f3 Nb8c6
3.Bf1c4 Ng8f6
4.Nf3g5 d5
5.exd5 b5
6.Bc4xb5 Qd8xd5
7.Bb5xc6 Qd5xc6
8.O-O Bf8c5
9.d4 Bc5xd4
10.c3 Bd4b6
11.Qd1b3 O-O
12.c4 h6
13.Ng5f3 e4
14.Nf3e5 Qc6d6
15.Ne5g6 e3
16.fxe3 Nf6g4
17.Ng6f4 Rf8e8
18.Rf1f3  { time }
1-0

[Event "Match"]
[Site "www.echecsemail.com"]
[Date "2018.01.27"]
[Round "1"]
[White "Gidi5"]
[Black "Ericleo1980"]
[WhiteElo "2260"]
[BlackElo "2240"]
[Result "1-0"]
[Round "1"]
1.e4 c5
2.Ng1f3 d6
3.d4 cxd4
4.Nf3xd4 Ng8f6
5.Nb1c3 a6
6.Bc1e3 e6
7.g4 h6
8.Bf1g2 Qd8c7
9.h3 Nb8c6
10.Nd4b3 b5
11.Qd1d2 Bc8b7
12.O-O-O Ra8c8
13.f4 Bf8e7
{ time. }
1-0

[Event "Match"]
[Site "www.echecsemail.com"]
[Date "2018.01.27"]
[Round "1"]
[White "Izastar"]
[Black "Whitekknight"]
[WhiteElo "1249"]
[BlackElo "1960"]
[Result "1-0"]
[Round "1"]
1.f4 e6
2.Ng1f3 d5
3.b3 Ng8f6
4.Bc1b2 Bf8e7
5.g3 O-O
6.Bf1g2 Nb8d7
7.O-O c6
8.e3 Qd8c7
9.Qd1e2 Nf6e8
10.d3 f6
11.Nb1d2 Rf8f7
12.Ra1c1 Nd7f8
13.c4 dxc4
14.Rc1xc4 Bc8d7
15.Kh1 Ne8d6
16.Rc4c1 Qc7d8
17.Rf1d1 Ra8c8
18.Nd2c4 Nd6xc4
19.dxc4 Qd8c7
20.Rd1d3 Rc8d8
21.Rc1d1 h6
22.e4 c5
23.Bb2c3 Nf8h7
24.Qe2d2 Nh7f8
25.Nf3g1 Qc7c8
26.Bc3a5 b6
27.Ba5c3 a5
28.a4 Kh7
29.Bg2f3 g6
30.Kg2 Qc8c7
31.Ng1e2 e5
32.Qd2b2 exf4
33.Ne2xf4 Nf8e6
34.Nf4d5 Qc7b8
35.Nd5xe7 Rf7xe7
36.Bc3xf6 Re7f7
37.Bf6xd8 Qb8xd8
38.Bf3g4 Qd8c7
39.Bg4xe6 Bd7xe6
40.Rd3d8 g5
41.Qb2h8 Kg6
42.Rd1d6 Qc7e7
43.g4 Rf7h7
44.Qh8g8 Rh7g7
45.Rd6xe6 { resign }
1-0

[Event "Match"]
[Site "www.echecsemail.com"]
[Date "2018.01.27"]
[Round "1"]
[White "Muderfuger"]
[Black "Billyg"]
[WhiteElo "1499"]
[BlackElo "1750"]
[Result "1-0"]
[Round "1"]
1.e4 e5
2.Ng1f3 d6
3.Bf1c4 Bc8e6
4.b3 Be6xc4
5.d3 Bc4e6
6.h4 Nb8c6
7.Nf3g5 Qd8d7
8.O-O h6
9.Ng5xe6 fxe6
10.Nb1c3 Nc6d4
11.Qd1h5 Qd7f7
12.Qh5g4 Ng8f6
13.Qg4d1 Qf7g6
14.Bc1e3 O-O-O
15.f4 exf4
16.Rf1xf4 e5
17.Be3xd4 exf4
18.a4 Nf6g4
19.Nc3b5 c5
20.Bd4xg7 Bf8xg7
21.Nb5xa7 Kb8
22.Na7c6 Kc8
23.Nc6e7 { resign }
1-0

[Event "Match"]
[Site "www.echecsemail.com"]
[Date "2018.01.27"]
[Round "1"]
[White "Muderfuger"]
[Black "Caroluigi"]
[WhiteElo "1629"]
[BlackElo "1400"]
[Result "0-1"]
[Round "1"]
1.Ng1h3 e5
2.e4 Ng8f6
3.d3 Nb8c6
4.Nb1c3 h6
5.g4 Bf8c5
6.Bc1e3 Qd8e7
7.g5 hxg5
8.Be3xg5 Bc5b4
9.Rh1g1 d6
10.a3 Bb4xc3
11.bxc3 Bc8xh3
12.Bf1xh3 Rh8xh3
13.Ra1b1 b6
14.a4 Rh3xh2
15.f4 exf4
16.Bg5xf4 Nf6xe4
17.dxe4 Qe7xe4
18.Kf1 Qe4xf4
19.Ke1 Qf4f2

0-1

[Event "Match"]
[Site "www.echecsemail.com"]
[Date "2018.01.27"]
[Round "1"]
[White "Silikon"]
[Black "Pariolinius"]
[WhiteElo "1810"]
[BlackElo "1670"]
[Result "0-1"]
[Round "1"]
1.e4 c5
2.c3 Nb8c6
3.d4 d6
4.Bf1b5 Bc8d7
5.Ng1f3 a6
6.Bb5c4 b5
7.Bc4xf7 Kxf7
8.Nf3g5 Ke8
9.Qd1f3 Ng8f6
10.Bc1f4 e5
11.dxe5 Nc6xe5
12.Qf3g3 Nf6h5
13.Qg3h4 Nh5f6
14.O-O Ne5g6
15.Qh4g3 Nf6h5
16.Qg3e3 Nh5xf4
17.Nb1d2 Qd8xg5
18.g3 Bd7h3
19.Rf1e1 Bf8e7
20.Nd2f3 Qg5g4
21.Re1d1 Ng6e5
22.Nf3xe5 dxe5
23.b4 Nf4e2
24.Kh1 Be7g5
25.Qe3d3 Rh8f8
26.Qd3d5 Qg4f3
{ resign }
0-1

[Event "Match"]
[Site "www.echecsemail.com"]
[Date "2018.01.27"]
[Round "1"]
[White "Apdash"]
[Black "Witpar"]
[WhiteElo "2200"]
[BlackElo "2750"]
[Result "0-1"]
[Round "1"]
1.e4 e6
2.Ng1f3 d5
3.exd5 exd5
4.d4 Bc8g4
5.Bf1e2 Bf8d6
6.Bc1e3 Ng8e7
7.Nb1d2 O-O
8.c4 dxc4
9.Nd2xc4 Nb8c6
10.O-O Rf8e8
11.Nc4xd6 Qd8xd6
12.Qd1b3 Bg4e6
13.Qb3xb7 a6
14.g3 Re8b8
15.Be3f4 Rb8xb7
16.Bf4xd6 cxd6
17.b3 a5
18.Rf1d1 a4
19.bxa4 Ra8xa4
20.Rd1d2 Be6d5
21.Be2d1 Ra4a3
22.Nf3e1 Rb7a7
23.Ne1d3 Ra3xa2
24.Ra1xa2 Ra7xa2
25.Rd2xa2 Bd5xa2
26.Nd3c1 Ba2c4
{ resign }
0-1